000 00590nam a2200181Ia 4500
003 GCL
008 140319s9999 xx 000 0 ara d
040 _aGCL /
_cGCL
082 0 4 _a418
_bر ت
100 1 _aرشدى طعيمه
245 1 0 _aتحليل المحتوى فى العلوم الانسانية مفهومة - اسسه - استخداماته /
_cرشدى طعيمه
260 _a[S.N] :
_bدار الفكر العربى
490 _a
650 0 4 _aالفلسفة
650 0 4 _aالعلوم الانسانية
650 0 4 _aالتحليل الموضوعى
942 _2ddc
_cBK
999 _c32155
_d32155